Value for money self-assessment guide (Record no. 105716)
[ view plain ]
| 000 -LEADER | |
|---|---|
| fixed length control field | 01523cam a2200217 4500 |
| 001 - CONTROL NUMBER | |
| control field | ##L134531 |
| 008 - FIXED-LENGTH DATA ELEMENTS--GENERAL INFORMATION | |
| fixed length control field | 060814n2006 000 0 eng u |
| 035 ## - SYSTEM CONTROL NUMBER | |
| System control number | (Sirsi) u134531 |
| 041 0# - LANGUAGE CODE | |
| Language code of text/sound track or separate title | eng |
| 050 04 - LIBRARY OF CONGRESS CALL NUMBER | |
| Classification number | 711.1 $2 18 |
| 110 1# - MAIN ENTRY--CORPORATE NAME | |
| Corporate name or jurisdiction name as entry element | United Kingdom |
| Subordinate unit | Audit Commission |
| 9 (RLIN) | 3863 |
| 245 00 - TITLE STATEMENT | |
| Title | Value for money self-assessment guide |
| Remainder of title | improving performance on section 106 agreements |
| 260 ## - PUBLICATION, DISTRIBUTION, ETC. | |
| Place of publication, distribution, etc. | London |
| Name of publisher, distributor, etc. | Audit Commission |
| Date of publication, distribution, etc. | 2006 |
| 520 ## - SUMMARY, ETC. | |
| Summary, etc. | Aims to help local authority planning departments assess the cost-effectiveness of their use of planning obligations by encouraging them to look at the Value for Money (VFM) aspects of the process rather than the outputs and outcomes. Discusses how VFM principles apply to planning obligations and puts forward the questions councils should ask themselves to determine: what is required and achievable in their area under the Town and Country Planning Act 1990 s106 and are they in a strong position to deliver? The guide is to be used in conjunction with "Route map to improved planning obligations" (L134532). (See also L134535). |
| 590 ## - LOCAL NOTE (RLIN) | |
| Local note | IKA220806 |
| 650 24 - SUBJECT ADDED ENTRY--TOPICAL TERM | |
| Topical term or geographic name entry element | TOWN AND COUNTRY PLANNING ACT 1990 S106 |
| 651 #4 - SUBJECT ADDED ENTRY--GEOGRAPHIC NAME | |
| Geographic name | England |
| Chronological subdivision | 886- |
| 690 ## - LOCAL SUBJECT ADDED ENTRY--TOPICAL TERM (OCLC, RLIN) | |
| Topical term or geographic name as entry element | ENVIRONMENTAL AND LAND CONSULTANCY-PLANNING AND DEVELOPMENT-PLANNING GUIDANCE |
| 856 40 - ELECTRONIC LOCATION AND ACCESS | |
| Uniform Resource Identifier | <a href="https://www.audit-commission.gov.uk/SiteCollectionDocuments/AuditCommissionReports/NationalStudies/securingcommunitybenefitsvfmguide.pdf">https://www.audit-commission.gov.uk/SiteCollectionDocuments/AuditCommissionReports/NationalStudies/securingcommunitybenefitsvfmguide.pdf</a> |
| Public note | View the self-assessment guide free of charge at www.audit-commission.gov.uk... |
| 942 ## - ADDED ENTRY ELEMENTS (KOHA) | |
| Suppress in OPAC | 0 |
| Withdrawn status | Lost status | Source of classification or shelving scheme | Damaged status | Not for loan | Home library | Current library | Shelving location | Date acquired | Total Checkouts | Full call number | Barcode | Date last seen | Copy number | Price effective from | Koha item type |
|---|---|---|---|---|---|---|---|---|---|---|---|---|---|---|---|
| Dewey Decimal Classification | Virtual | Virtual | Online | 14/08/2006 | ONLINE PUBLICATION | 134531-2001 | 06/08/2019 | 1 | 06/08/2019 | Book |